Konrad Brandenberger Didaktik des mathematisch-naturwissenschaftlichen Unterrichts. Zürich, Schulthess. 1920. (128 l.) : [könyvismertetés] /

Elmentve itt :
Bibliográfiai részletek
Szerző: Goldziher Károly
További közreműködők: Brandenberger Konrad
Dokumentumtípus: Cikk
Megjelent: 1923
Sorozat:Magyar pedagógia : a Magyar Tudományos Akadémia Pedagógiai Bizottságának folyóirata 32
Kulcsszavak:Didaktika könyvismertetés, Didaktika
Online Access:http://misc.bibl.u-szeged.hu/10149
LEADER 00818nab a2200193 i 4500
001 misc10149
005 20191106143223.0
008 170607s1923 hu o 0|| hun d
022 |a 0025-0260 
040 |a SZTE Miscellanea Repozitórium  |b hun 
041 |a hun 
100 1 |a Goldziher Károly 
245 1 0 |a Konrad Brandenberger  |h [elektronikus dokumentum] :  |b Didaktik des mathematisch-naturwissenschaftlichen Unterrichts. Zürich, Schulthess. 1920. (128 l.) : [könyvismertetés] /  |c  Goldziher Károly 
260 |c 1923 
300 |a 18-19 
490 0 |a Magyar pedagógia : a Magyar Tudományos Akadémia Pedagógiai Bizottságának folyóirata  |v 32 
695 |a Didaktika könyvismertetés, Didaktika 
700 0 1 |a Brandenberger Konrad 
856 4 0 |u http://misc.bibl.u-szeged.hu/10149/1/mp_1923_2842_018-019.pdf  |z Dokumentum-elérés